|
|
|
|
| LEADER |
01454nam a2200289 a 4500 |
| 001 |
GR-Patra6936 |
| 008 |
991022s gr 000 0 gre d |
| 020 |
|
|
|a 9607164156
|
| 040 |
|
|
|a GrPaTEI
|b gre
|c GR-PaULI
|
| 245 |
0 |
0 |
|a Νεολαία και ναρκωτικά :
|b хτι иείναι ναρκωτικά; πώς παρασύρονται οι νέοι; ποιά τα αίτια; ποιά η λύση του προβλήματος; ναρκωτικά και AIDS, νομοθεσία και ναρκωτικά.
|
| 260 |
|
|
|a [χ.τ.] :
|b Αχαϊκές εκδόσεις,
|c c1992
|
| 300 |
|
|
|a 182σ.
|
| 504 |
|
|
|a Βιβλιογραφία: σ.179-181
|
| 650 |
|
0 |
|a AIDS
|
| 650 |
|
4 |
|a ΕΙΔΗ ΝΑΡΚΩΤΙΚΩΝ
|
| 650 |
|
4 |
|a ΘΕΡΑΠΕΙΑ
|
| 650 |
|
4 |
|a ΝΑΡΚΩΤΙΚΑ
|
| 650 |
|
4 |
|a ΝΑΡΚΩΤΙΚΑ
|
| 650 |
|
4 |
|a ΝΕΟΙ
|
| 650 |
|
4 |
|a ΠΡΟΛΗΨΗ
|
| 700 |
1 |
|
|a Σιάμου, Νικόλαος Σ.
|
| 710 |
0 |
|
|a Αχαϊκές εκδόσεις
|
| 942 |
|
|
|2 ddc
|
| 952 |
|
|
|0 0
|1 0
|2 ddc
|4 0
|6 362_293000000000000_ΣΙΑ
|7 0
|9 288264
|a LISK
|b LISK
|c BSC
|d 2021-01-17
|e 24
|f 0
|g 0.00
|l 0
|o 362.293 ΣΙΑ
|p 92410010446
|r 2021-01-17 00:00:00
|t 1
|w 2021-01-17
|y BK15
|x 19991024 0 1
|x GrPaTEI
|
| 952 |
|
|
|0 0
|1 0
|2 ddc
|4 0
|6 362_293000000000000_ΣΙΑ
|7 0
|9 288265
|a LISK
|b LISK
|c BSC
|d 2021-01-17
|e 24
|f 0
|g 0.00
|l 0
|o 362.293 ΣΙΑ
|p 92410010454
|r 2021-01-17 00:00:00
|t 1
|w 2021-01-17
|y BK15
|x 19991024 0 1
|x GrPaTEI
|
| 971 |
|
|
|a .b26544507
|b 16-04-20
|c 23-09-16
|
| 999 |
|
|
|c 168119
|d 168119
|